000 00584nam a2200181Ia 4500
005 20250417115955.0
008 231217s9999 xx 000 0 und d
020 _a9788177589566
082 _a001.6424LIN BEC;14
100 _aBeck, Michael. Bohme,Harald. Dziadzka,Mirko...[et al.]
245 0 _aLinux kernel programming : algorithms and structures of version 2.4
250 _a3rd ed.
260 _c2002
_bDorling kindersley
_aNew Delhi
300 _axiv, 471
500 _aContent page available.
650 _aLinux,kernel,programming,structures,version,2.4
942 _cAA
999 _c187930
_d187930